000 00326nam a22001457a 4500
008 250709b ||||| |||| 00| 0 eng d
020 _a9789951676007
041 _aSHQIP
080 _22014
_a001
082 _2001
_a001
100 _a1
101 _aGJUHE DHE LETERSI
245 _aLUM LUMI
_cALI PODRIMJA
942 _2udc
_cBK
999 _c60723
_d60723